000 00428nam a2200169Ia 4500
001 39484
008 140423s9999 xx 000 0 und d
020 _a9781603207546
040 _cPK-LaUMT
082 _aR 310
_bTIM-
110 _aEncyclopedia Britannica
245 _aTime almanac 2008
_cEncyclopedia Britannica
260 _aLondon,UK:
_bEncyclopedia Britannica,
_c2008
300 _a992 p.
546 _aEN
942 _cBK
999 _c38792
_d38792